000 00556nam a2200181Ia 4500
003 GCL
008 140319s9999 xx 000 0 ara d
040 _aGCL /
_cGCL
082 0 4 _aد
_b050
100 1 _aسعاد الشرقاوى
245 1 0 _aالاحزاب السياسية وجماعات الضغط (اقرا 491 ) /
_cسعاد الشرقاوى
300 _a108
490 _aاقرأ
_v0
650 0 4 _aالاحزاب السياسية
650 0 4 _aالجماعات الضاغطة
650 0 4 _aالجماعات السياسية
942 _2ddc
_cBK
999 _c49587
_d49587